Guess the Footballers by their Teams #4 - Statistics

General Stats
  • This quiz has been taken 568 times
  • The average score is 8 of 10
Answer Stats
Hint Answer % Correct
1999-. Malmo FF, Ajax, Juventus, Inter Milan, Barcelona, AC Milan (loan), AC Milan, Paris Sait-Germain, Manchester United, LA Galaxy, AC Milan, Sweden. Zlatan Ibrahimovic
99%
2011-. Metz, Red Bull Salzburg, Southampton, Liverpool, Senegal. Sadio Mane
96%
2009-. Real Sociedad, Atletico Madrid, Barcelona, Atletico Madrid (loan), France. Antoine Griezmann
95%
2008-. Bayern Munich II, Bayern Munich, Germany. Thomas Muller
94%
2010-. Real Madrid B, Real Madrid, Juventus, Real Madrid, Chelsea, Atletico Madrid (loan), Atletico Madrid, Juventus (loan), Spain. Alvaro Morata
83%
1989-2009. Sporting CP, Barcelona, Real Madrid, Inter Milan, Portugal. Luis Figo
82%
2002-. Leeds United, Swindon Town (loan), Newcastle United, Aston Villa (loan), Aston Villa, Manchester City, Liverpool, England. James Milner
74%
1979-1998. HFC Haarlem, Feyenoord, PSV, AC Milan, Sampdoria(loan), Sampdoria, Chelsea, Netherlands. Ruud Gullit.
71%
1964-1983. Bayern Munich, New York Cosmos, Hamburger SV, New York Cosmos, West Germany. Franz Beckenbauer
70%
1991-2015. Uniao Sao Joao, Palmeiras, Inter Milan, Real Madrid, Fenerbahce, Corinthians, Anzhi Makachkala, Delhi Dynamos, Brazil. Roberto Carlos
64%
No matching quizzes found
Score Distribution
Percent of People with Each Score
Percentile by Number Answered
Your Score History
You have not taken this quiz